Hodnotenie pracovníkov v organizácii

Guardado en:
Detalles Bibliográficos
Autor principal: Bosáková, Mária
Otros Autores: Gajdoš, Jozef, 1962-2025
Formato: Capítulo de libro
Lenguaje:eslovaco
Etiquetas: Agregar Etiqueta
Sin Etiquetas, Sea el primero en etiquetar este registro!

MARC

LEADER 00000nla$a2200000$$$4500
001 0060565
005 20240502071653.9
041 0 |a slo 
044 |a SK 
245 1 0 |a Hodnotenie pracovníkov v organizácii  |c Mária Bosáková, Jozef Gajdoš 
100 1 |a Bosáková, Mária 
700 1 |a Gajdoš, Jozef, 1962-2025